| 000 | 00792nam a2200229 a 4500 | ||
|---|---|---|---|
| 005 | 20240920064138.0 | ||
| 008 | 991125s1982 es 000 0 spa u | ||
| 020 | _a8472221954 | ||
| 035 | _aUPN01000003937 | ||
| 049 | _aCG | ||
| 050 | 4 |
_aLA912 _bB3.3 |
|
| 100 | 1 | _aBarja de Quiroga, Juan | |
| 245 | 1 | 0 |
_aAprender en el campo : _bla granja-escuela la Limpia / _cJuan Barja de Quiroga, Javier López-Roberts, Alejandro Tiana Ferrer ; pról. de Fiorenzo Alfieri. |
| 260 |
_aBarcelona, Esp. : _bLaia, _c1982. |
||
| 300 | _a206 p. | ||
| 440 | 0 |
_aLibros cuadernos de pedagogía. _pExperiencias ; _v18 |
|
| 650 | 4 |
_aEducación _zEspaña _96843 |
|
| 650 | 4 |
_aESCUELAS - _zESPAÑA _915761 |
|
| 700 | 1 |
_aLópez-Roberts, Javier, _ecoaut. |
|
| 700 | 1 |
_aTiana Ferrer, Alejandro, _ecoaut. |
|
| 905 | _aLibro | ||
| 999 |
_c3937 _d3937 |
||